000 00584nam a22001457a 4500
020 _a978-0-7475-6653-3
082 _a823
_bHOS/K
100 _aHOSSEINI, KHALED
245 _aTHE KITE RUNNER
260 _aLONDON
_bBLOOMSBURY
_c2004
300 _a324
520 _aThe Kite Runner, written by Khaled Hosseini, tells the extraordinary story of an unlikely friendship between a wealthy Afghan boy, named Amir, and Hassan, the son of his father's servant — who he later finds out, after Hassan's death, has always been his half-brother.
650 _aNOVEL
_zUNITED KINGDOM
942 _cBK
999 _c3262
_d3262